000 00448pam a2200169 a 4500
020 _a978-1-4018-5009-8
_c
041 _h
082 _a641.79
100 _aROBERT GARLOUGH, ANGUS CAMPBELL
_eAuthor
245 _aMODERN GARDE MANGER
_cROBERT GARLOUGH, ANGUS CAMPBELL
_hTextual Documents
250 _a1st
260 _aAmerica
_bthomson Delmar learninig
300 _a705
653 _ahotel management
700 _eCo-Author
930 _a3357
999 _c230754
_d230754